000
00315nam a22001337a 4500
008
170612b xxu||||| |||| 00| 0 eng d
020
_a
9780130837578
041
_a
eng
080
_a
93
100
_a
19
101
_a
SHP
245
_a
THE CHALLENGE OF THE THIRD WORLD DEVELOPMENT
_c
HANDELMAN, H
942
_2
udc
_c
BK
999
_c
17030
_d
17030